000 00737nac a22001931u 4500
008 100901t xxu||||| |||| 00| 0 eng d
010 _a 76027452
020 _a0126208506
082 0 0 _a621.47
_bSOL
245 0 0 _aSolar Energy Engineering /
_cEdited by A. A. M. Sayigh
260 _aNew York :
_bAcademic Press,
_c1977.
300 _axx, 506 p. :
_bill. ;
_c24 cm.
500 _aIncludes index.
504 _aBibliography: p. 477-498.
650 0 _aSolar energy.
_917773
700 1 _aBackus, Charles E.,
_c1937-
_917774
942 _cBB
_k621.47SOL
_2ddc
999 _c4191
_d4191